000 00425nab a2200145Ia 4500
003 ES-SlBCS
005 20210601131735.0
008 140529s1956 xxu||||| |||| 00| 0 fre d
041 _afre
100 1 _aDestanne de Bernis, Gérard
_9188468
245 0 0 _aFrançais et Tunisiens
_c Gérard Destanne De Bernis
651 4 _aFrancia
_987987
773 0 _tVie Intelectuelle (La)
_gnº. 6, 1956, págs. 43-64
_wRev907
942 _cAR
999 _c567995
_d567995